000 00548nam a2200133 a 4500
090 _aLB
_b04818
041 _aspa
111 _aMemorias Encuentro Nacional Facultades de agronomía instituciones, empresas, gremios comunidad del sector rural
_cBogotá
_dfebrero 20-22, 2002
_992358
245 _aMemorias Encuentro Nacional Facultades de agronomía
_binstituciones, empresas, gremios comunidad del sector rural
260 _aBogotá
_bFINAGRO
_bUniversidad Nacional de Colombia
_bICFES
_c2002
300 _a49 p.
942 _cIMPRESO
945 _d2007-05-22
999 _c5545
_d5545